Paz y Guerra : (Record no. 9655)

000 -CABECERA
fixed length control field 00853nam a22001937a 4500
003 - IDENTIFICADOR DEL NÚMERO DE CONTROL
control field AR-CdUCM
008 - DATOS DE LONGITUD FIJA--INFORMACIÓN GENERAL
fixed length control field 190328b ||||| |||| 00| 0 spa d
040 ## - FUENTE DE LA CATALOGACIÓN
Agencia/entidad que catalogó originalmente la obra MUNICIPALIDAD PROVINCIAL DEL CUSCO
Entidad que transcribió la catalogación BIBLIOTECA MUNICIPAL DEL CUSCO
082 ## - NÚMERO DE LA CLASIFICACIÓN DECIMAL DEWEY
No. de Clasificación 320.0973 / 1942
Notacion interna P33
245 ## - MENCIÓN DE TÍTULO
Título Paz y Guerra :
Resto del título La Política Exterior de los Estados Unidos 1931-1941 /
260 ## - PUBLICACIÓN, DISTRIBUCIÓN, ETC.
Lugar de publicación, distribución, etc. Wáshington, D. C. :
Nombre de la editorial, distribuidor, etc. Imprenta del Gobierno de los Estados Unidos ;
Fecha de publicación, distribución, etc. 1942.
300 ## - DESCRIPCIÓN FÍSICA
Nº de Páginas Extensión 161 páginas ;
Dimensiones 23cm
505 ## - NOTA DE CONTENIDO CON FORMATO
Nota de contenido formateada Contenido: La conquista japonesa de la Manchuria -- Discusiones sobre el desarme -- Advertencias de peligro -- La conquista italiana de Etiopía -- El ataque de Japón a la China 1937...
650 ## - PUNTO DE ACCESO ADICIONAL DE MATERIA--TÉRMINO DE MATERIA
Descriptor Estados Unidos
9 (RLIN) 1805
650 ## - PUNTO DE ACCESO ADICIONAL DE MATERIA--TÉRMINO DE MATERIA
Descriptor Política exterior
9 (RLIN) 4556
710 ## - PUNTO DE ACCESO ADICIONAL--NOMBRE DE ENTIDAD CORPORATIVA
Nombre corporativo (En letras Mayúsculas) Departamento de los Estados Unidos
9 (RLIN) 26007
942 ## - ELEMENTOS DE PUNTO DE ACCESO ADICIONAL (KOHA)
Fuente de clasificación
Tipo de item Libros-BMC
945 ## - PROCESAMIENTO DE INFORMACIÓN LOCAL (OCLC)
Catalogador nom
Holdings
Estado de retiro (separado) Fuente de clasificación o esquema de estanterías Estado dañado Ubicación Sala donde se ubica Nombre de la colección Fecha de adquisición o compra Costo, precio normal en soles Signatura topográfica Código de Barras Última vez visto (Koha) Tipo de ítem (Koha)
No     Sala Cusco Antiguo Sala Cusco Antiguo Book Cart 2019-03-28 50.00 320.0973 / P33 / 1942 SCA0000352 2019-03-28 Libros-BMC
No     Sala Cusco Antiguo Sala Cusco Antiguo Book Cart 2019-03-28 50.00 320.0973 / P33 / 1942 / e.2 SCA0000364 2019-03-28 Libros-BMC

Powered by Koha